[Event "Scarborough CC Fall Swiss U1700"]
[Site "Toronto CAN"]
[Date "2007.11.01"]
[Round "1"]
[White "Jizan, Masoud"]
[Black "Seedhouse, Jeff"]
[Result "0-1"]
[WhiteElo "1612"]
[BlackElo "1519"]
[PlyCount "46"]
[GameId "2160767910574589"]
[EventDate "2007.11.01"]
[EventType "swiss"]
[EventRounds "8"]
[EventCountry "CAN"]
[SourceTitle "EXT 2022"]
[Source "ChessBase"]
[SourceDate "2021.10.06"]
[SourceVersion "1"]
[SourceVersionDate "2021.10.06"]
[SourceQuality "1"]

1. e4 e5 2. f4 exf4 3. Nf3 Nf6 4. e5 Nh5 5. Nc3 d5 6. d4 Bb4 7. Bb5+ Nc6 8. O-O O-O 9. Ne2 g5 10. c3 Be7 11. Bd3 f6 12. Qc2 Rf7 13. Bd2 Bg4 14. c4 Be6 15. Rae1 fxe5 16. Nxe5 Nxe5 17. dxe5 dxc4 18. Be4 Bd5 19. Bf5 Bc5+ 20. Kh1 Qf8 21. Be4 Bxe4 22. Qxe4 Ng3+ 23. hxg3 Qh6# 0-1

[Event "Scarborough CC Fall Swiss U1700"]
[Site "Toronto CAN"]
[Date "2007.11.01"]
[Round "1"]
[White "Philip, Andrew"]
[Black "Tursman, Richard"]
[Result "1-0"]
[WhiteElo "1660"]
[BlackElo "1544"]
[PlyCount "79"]
[GameId "2160767910574590"]
[EventDate "2007.11.01"]
[EventType "swiss"]
[EventRounds "8"]
[EventCountry "CAN"]
[SourceTitle "EXT 2022"]
[Source "ChessBase"]
[SourceDate "2021.10.06"]
[SourceVersion "1"]
[SourceVersionDate "2021.10.06"]
[SourceQuality "1"]

1. d4 d5 2. Bg5 c6 3. e3 Qb6 4. Qc1 h6 5. Bf4 Bf5 6. c4 dxc4 7. Bxc4 e6 8. Nc3 Bb4 9. Nge2 Nf6 10. h3 O-O 11. O-O Nbd7 12. a3 Be7 13. Rd1 Nd5 14. Bg3 N7f6 15. f3 Nxc3 16. Nxc3 Qd8 17. e4 Bh7 18. Bf2 Nh5 19. b4 Bg5 20. Be3 Bxe3+ 21. Qxe3 Qh4 22. Ne2 Rad8 23. Rac1 Qe7 24. b5 cxb5 25. Bxb5 a6 26. Bc4 b5 27. Ba2 Qa7 28. Rc5 Nf6 29. Rdc1 Bg6 30. Rc7 Qb8 31. Nf4 Rd7 32. Rxd7 Nxd7 33. Nxg6 fxg6 34. Bxe6+ Rf7 35. Qb3 Qf4 36. Bxf7+ Qxf7 37. Qxf7+ Kxf7 38. Rc6 a5 39. e5 g5 40. e6+ 1-0

[Event "Scarborough CC Fall Swiss U1700"]
[Site "Toronto CAN"]
[Date "2007.11.01"]
[Round "1"]
[White "Pishdad, Hassan"]
[Black "Wu, Kevin"]
[Result "0-1"]
[WhiteElo "1186"]
[BlackElo "1481"]
[PlyCount "44"]
[GameId "2160767910574591"]
[EventDate "2007.11.01"]
[EventType "swiss"]
[EventRounds "8"]
[EventCountry "CAN"]
[SourceTitle "EXT 2022"]
[Source "ChessBase"]
[SourceDate "2021.10.06"]
[SourceVersion "1"]
[SourceVersionDate "2021.10.06"]
[SourceQuality "1"]

1. Nf3 Nf6 2. d4 g6 3. Bf4 d6 4. Nc3 Bg7 5. h3 Nbd7 6. e3 a6 7. Bd3 b5 8. a3 Bb7 9. Qe2 c5 10. dxc5 Nxc5 11. O-O-O e5 12. Bxe5 dxe5 13. Bxb5+ Ncd7 14. Bxd7+ Nxd7 15. e4 O-O 16. Qc4 Rc8 17. Qd3 Nc5 18. Qe2 Qb6 19. b4 Nb3+ 20. Kb2 Nd4 21. Nxd4 exd4 22. e5 Rxc3 0-1

[Event "Scarborough CC Fall Swiss U1700"]
[Site "Toronto CAN"]
[Date "2007.11.01"]
[Round "1"]
[White "Wang, Jerry ZS"]
[Black "Graham, John"]
[Result "1-0"]
[WhiteElo "1650"]
[BlackElo "1517"]
[PlyCount "89"]
[GameId "2160767910574593"]
[EventDate "2007.11.01"]
[EventType "swiss"]
[EventRounds "8"]
[EventCountry "CAN"]
[SourceTitle "EXT 2022"]
[Source "ChessBase"]
[SourceDate "2021.10.06"]
[SourceVersion "1"]
[SourceVersionDate "2021.10.06"]
[SourceQuality "1"]

1. e4 e5 2. Nf3 Nc6 3. Bc4 Bc5 4. d3 d6 5. Ng5 Nh6 6. h3 Qf6 7. O-O Na5 8. Nc3 c6 9. Kh1 Nxc4 10. dxc4 a6 11. f4 Be6 12. fxe5 Qg6 13. Nxe6 Qxe6 14. exd6 O-O-O 15. Bxh6 gxh6 16. Qh5 Bxd6 17. Qxf7 Qe5 18. Qf5+ Rd7 19. Qxe5 Bxe5 20. Rad1 Bxc3 21. Rxd7 Kxd7 22. bxc3 Ke6 23. g3 Rd8 24. Rb1 b5 25. cxb5 axb5 26. c4 Rd2 27. cxb5 cxb5 28. Rxb5 Rxc2 29. Rb6+ Ke5 30. Rxh6 Rxa2 31. Rxh7 Kxe4 32. Rf7 Ke3 33. Kg1 Ra1+ 34. Rf1 Rxf1+ 35. Kxf1 Kf3 36. h4 Kg4 37. Kg2 Kh5 38. Kf3 Kg6 39. Kf4 Kh6 40. g4 Kg6 41. Ke5 Kg7 42. h5 Kh6 43. Kf6 Kh7 44. g5 Kg8 45. g6 1-0

[Event "Scarborough CC Fall Swiss U1700"]
[Site "Toronto CAN"]
[Date "2007.11.01"]
[Round "1"]
[White "Xia, Linda"]
[Black "Smith, Maurice"]
[Result "0-1"]
[WhiteElo "1323"]
[BlackElo "1598"]
[PlyCount "52"]
[GameId "2160767910574594"]
[EventDate "2007.11.01"]
[EventType "swiss"]
[EventRounds "8"]
[EventCountry "CAN"]
[SourceTitle "EXT 2022"]
[Source "ChessBase"]
[SourceDate "2021.10.06"]
[SourceVersion "1"]
[SourceVersionDate "2021.10.06"]
[SourceQuality "1"]

1. d4 Nf6 2. Bg5 e6 3. e4 Be7 4. Nc3 O-O 5. Nf3 Nc6 6. Bc4 b6 7. O-O Bb7 8. Re1 h6 9. Bf4 Bb4 10. a3 Bxc3 11. bxc3 d5 12. Bd3 dxe4 13. Bxe4 Nxe4 14. Rxe4 Nb4 15. d5 Nxd5 16. Rd4 Qe7 17. Qe1 Nxf4 18. Rxf4 Rad8 19. Rg4 Qc5 20. c4 Bxf3 21. gxf3 Qf5 22. Qe3 Qf6 23. Rb1 Rd7 24. Rb5 c5 25. a4 Rd4 26. f4 Rxc4 0-1

[Event "Scarborough CC Fall Swiss U1700"]
[Site "Toronto CAN"]
[Date "2007.11.01"]
[Round "1"]
[White "Xie, Peter"]
[Black "Gillis, Doug"]
[Result "1/2-1/2"]
[WhiteElo "1403"]
[BlackElo "1617"]
[PlyCount "100"]
[GameId "2160767910578691"]
[EventDate "2007.11.01"]
[EventType "swiss"]
[EventRounds "8"]
[EventCountry "CAN"]
[SourceTitle "EXT 2022"]
[Source "ChessBase"]
[SourceDate "2021.10.06"]
[SourceVersion "1"]
[SourceVersionDate "2021.10.06"]
[SourceQuality "1"]

1. e4 e6 2. d4 d5 3. Nc3 dxe4 4. Nxe4 Qd5 5. Nc3 Bb4 6. Nge2 Nc6 7. Be3 Nf6 8. a3 Bxc3+ 9. Nxc3 Qd7 10. Be2 Nd5 11. Nxd5 exd5 12. O-O O-O 13. Bd3 Qg4 14. Qxg4 Bxg4 15. h3 Be6 16. Rfd1 Ne7 17. Be2 Rfe8 18. Rac1 Nf5 19. c4 Nxe3 20. fxe3 c6 21. Kf2 dxc4 22. Bxc4 Bxc4 23. Rxc4 Re4 24. Rb4 b6 25. b3 Rae8 26. Re1 f5 27. Rc4 f4 28. Rc3 Rxe3 29. Rcxe3 Rxe3 30. Rxe3 fxe3+ 31. Kxe3 Kf7 32. Ke4 Ke6 33. b4 Kd6 34. g3 a5 35. Ke3 axb4 36. axb4 Kd5 37. Kd3 g5 38. g4 h6 39. Kc3 Ke4 40. Kc4 Kf3 41. d5 cxd5+ 42. Kxd5 Kg3 43. Kc6 Kxh3 44. Kxb6 Kxg4 45. Kc7 h5 46. b5 h4 47. b6 h3 48. b7 h2 49. b8=Q h1=Q 50. Qb2 Qe4 1/2-1/2

[Event "Scarborough CC Fall Swiss U1700"]
[Site "Toronto CAN"]
[Date "2007.11.08"]
[Round "2"]
[White "Seedhouse, Jeff"]
[Black "Xie, Peter"]
[Result "1-0"]
[WhiteElo "1519"]
[BlackElo "1417"]
[PlyCount "71"]
[GameId "2160767910578692"]
[EventDate "2007.11.01"]
[EventType "swiss"]
[EventRounds "8"]
[EventCountry "CAN"]
[SourceTitle "EXT 2022"]
[Source "ChessBase"]
[SourceDate "2021.10.06"]
[SourceVersion "1"]
[SourceVersionDate "2021.10.06"]
[SourceQuality "1"]

1. e4 e5 2. Nf3 Nc6 3. Bb5 a6 4. Ba4 Nf6 5. O-O b5 6. Bb3 h6 7. Re1 d6 8. c3 Na5 9. Bc2 Be7 10. d4 exd4 11. cxd4 c5 12. d5 Nc4 13. b3 Nb6 14. Nbd2 O-O 15. Qe2 Re8 16. Bb2 Qc7 17. Bd3 Bb7 18. Rac1 Rac8 19. Nh4 Nbd7 20. Nf5 Bf8 21. h3 Nxd5 22. Qg4 N5f6 23. Nxh6+ Kh7 24. e5+ g6 25. exf6 Bxh6 26. Qh4 Rh8 27. Re7 Kg8 28. Rce1 Rf8 29. Nf3 Bd2 30. Qg4 Bxf3 31. gxf3 Rh6 32. Rxd7 Qc8 33. Ree7 c4 34. Bxg6 Rxg6 35. Qxg6+ Kh8 36. Qg7# 1-0

[Event "Scarborough CC Fall Swiss U1700"]
[Site "Toronto CAN"]
[Date "2007.11.08"]
[Round "2"]
[White "Ward, Dean"]
[Black "Philip, Andrew"]
[Result "1/2-1/2"]
[WhiteElo "1649"]
[BlackElo "1636"]
[PlyCount "52"]
[GameId "2160767910578693"]
[EventDate "2007.11.01"]
[EventType "swiss"]
[EventRounds "8"]
[EventCountry "CAN"]
[SourceTitle "EXT 2022"]
[Source "ChessBase"]
[SourceDate "2021.10.06"]
[SourceVersion "1"]
[SourceVersionDate "2021.10.06"]
[SourceQuality "1"]

1. e4 c6 2. d4 d5 3. e5 Bf5 4. Nf3 e6 5. Bd3 Bxd3 6. Qxd3 Qc7 7. O-O c5 8. c3 c4 9. Qe2 b5 10. b3 Nd7 11. Ng5 Nb6 12. f4 g6 13. Bd2 Be7 14. a4 bxa4 15. bxa4 h6 16. Nh3 a5 17. Na3 Bxa3 18. Rxa3 Qc6 19. Qd1 Ne7 20. g4 h5 21. gxh5 Rxh5 22. Ng5 Nf5 23. Rf3 Ke7 24. Rh3 Rah8 25. Rxh5 Rxh5 26. Ra1 Nd7 1/2-1/2

[Event "Scarborough CC Fall Swiss U1700"]
[Site "Toronto CAN"]
[Date "2007.11.08"]
[Round "2"]
[White "Wu, Kevin"]
[Black "Wang, Jerry ZS"]
[Result "0-1"]
[WhiteElo "1517"]
[BlackElo "1733"]
[PlyCount "125"]
[GameId "2160767910578694"]
[EventDate "2007.11.01"]
[EventType "swiss"]
[EventRounds "8"]
[EventCountry "CAN"]
[SourceTitle "EXT 2022"]
[Source "ChessBase"]
[SourceDate "2021.10.06"]
[SourceVersion "1"]
[SourceVersionDate "2021.10.06"]
[SourceQuality "1"]

1. e4 e5 2. Nf3 Nc6 3. Bb5 a6 4. Ba4 Nf6 5. O-O Be7 6. Re1 b5 7. Bb3 d6 8. h3 Na5 9. c3 Nxb3 10. Qxb3 Bb7 11. Qc2 c5 12. d4 cxd4 13. cxd4 Rc8 14. Qd1 exd4 15. Nxd4 Bxe4 16. Bg5 Bg6 17. Qe2 Nd5 18. Nc3 Nxc3 19. bxc3 f6 20. Ne6 Qd7 21. Bd2 Rg8 22. Nf4 Bf7 23. Qf3 Qc6 24. Qg4 Qd7 25. Ne6 Bxe6 26. Rxe6 Rc4 27. Qe2 Kf7 28. Re1 Re8 29. Qh5+ Kg8 30. g3 Rc5 31. Qg4 Re5 32. R1xe5 dxe5 33. Bh6 Bf8 34. Rxe8 Qxe8 35. Be3 Qf7 36. Qe2 Qc4 37. Qxc4+ bxc4 38. Kg2 Kf7 39. g4 g6 40. Bc1 Ke6 41. Kf3 Kd5 42. Ke2 Bg7 43. Bd2 h5 44. gxh5 gxh5 45. Be3 f5 46. Kd2 f4 47. Bb6 f3 48. Ke3 e4 49. Kd2 Bh6+ 50. Kd1 Ke5 51. Bd4+ Kf5 52. Bc5 Bg7 53. Kc2 Bf6 54. Bd6 Bg5 55. Bc5 Bh4 56. Bb6 Bf6 57. Kd2 Bg5+ 58. Ke1 Bf6 59. Kd2 Kg5 60. Ba5 Kh4 61. Ke3 Kxh3 62. Kxe4 Kg2 63. Kf5 0-1

[Event "Scarborough CC Fall Swiss U1700"]
[Site "Toronto CAN"]
[Date "2007.11.08"]
[Round "2"]
[White "Xia, Linda"]
[Black "Jizan, Masoud"]
[Result "0-1"]
[WhiteElo "1329"]
[BlackElo "1612"]
[PlyCount "48"]
[GameId "2160767910578695"]
[EventDate "2007.11.01"]
[EventType "swiss"]
[EventRounds "8"]
[EventCountry "CAN"]
[SourceTitle "EXT 2022"]
[Source "ChessBase"]
[SourceDate "2021.10.06"]
[SourceVersion "1"]
[SourceVersionDate "2021.10.06"]
[SourceQuality "1"]

1. d4 g6 2. c4 Nf6 3. Nc3 Bg7 4. Nf3 d6 5. e3 c6 6. Be2 Bf5 7. O-O Nbd7 8. Nh4 Qc7 9. a4 e6 10. Bd3 Bxd3 11. Qxd3 d5 12. Nf3 e5 13. dxe5 Nxe5 14. Nxd5 cxd5 15. Nxe5 Qxe5 16. cxd5 O-O 17. d6 Rfd8 18. Rd1 Rd7 19. a5 a6 20. Ra4 Rad8 21. Rd4 Bf8 22. Qc3 Rxd6 23. Rxd6 Rxd6 24. Qxe5 Rxd1# 0-1

[Event "Scarborough CC Fall Swiss U1700"]
[Site "Toronto CAN"]
[Date "2007.11.08"]
[Round "2"]
[White "Xiao, Sai"]
[Black "Azmitia, Gabriel"]
[Result "0-1"]
[WhiteElo "1114"]
[BlackElo "1543"]
[PlyCount "122"]
[GameId "2160767910578696"]
[EventDate "2007.11.01"]
[EventType "swiss"]
[EventRounds "8"]
[EventCountry "CAN"]
[SourceTitle "EXT 2022"]
[Source "ChessBase"]
[SourceDate "2021.10.06"]
[SourceVersion "1"]
[SourceVersionDate "2021.10.06"]
[SourceQuality "1"]

1. e4 c5 2. d4 cxd4 3. Qxd4 Nc6 4. Qa4 a6 5. Nc3 Rb8 6. a3 Nf6 7. Nf3 g6 8. Qb3 Qc7 9. Bc4 e6 10. g3 d6 11. O-O Na5 12. Bb5+ axb5 13. Nxb5 Nxb3 14. Nxc7+ Kd7 15. cxb3 Kxc7 16. e5 Ne8 17. exd6+ Bxd6 18. Bd2 f6 19. Rac1+ Kd7 20. Bc3 Rf8 21. Rfd1 Ke7 22. b4 Bd7 23. Rd3 Bb5 24. Rd4 Rd8 25. Rh4 h5 26. Re1 e5 27. Nd4 Bd7 28. f3 Kf7 29. Nc2 Bb8 30. f4 Ba7+ 31. Kg2 Bc6+ 32. Kf1 exf4 33. gxf4 Ng7 34. b3 Rd3 35. Ba1 Nf5 36. b5 Bxb5 37. a4 Bc6 38. Nb4 Rf3+ 39. Ke2 Re3+ 40. Kd2 Rxe1 41. Kxe1 Nxh4 42. Nxc6 bxc6 43. b4 Rd8 44. b5 cxb5 45. axb5 Nf3+ 46. Ke2 Nxh2 47. Bc3 Bb6 48. Bb4 Ng4 49. Kf3 f5 50. Kg2 Rd3 51. Kf1 h4 52. Ke2 Rb3 53. Bd6 h3 54. Be5 h2 55. Kd2 h1=Q 56. Kc2 Rg3 57. Bc3 Nf6 58. Bd2 Ne4 59. Bb4 Qh2+ 60. Kd1 Rg1+ 61. Be1 Qd2# 0-1

[Event "Scarborough CC Fall Swiss U1700"]
[Site "Toronto CAN"]
[Date "2007.11.15"]
[Round "3"]
[White "Azmitia, Gabriel"]
[Black "Wu, Kevin"]
[Result "0-1"]
[WhiteElo "1543"]
[BlackElo "1481"]
[PlyCount "44"]
[GameId "2160767910578697"]
[EventDate "2007.11.01"]
[EventType "swiss"]
[EventRounds "8"]
[EventCountry "CAN"]
[SourceTitle "EXT 2022"]
[Source "ChessBase"]
[SourceDate "2021.10.06"]
[SourceVersion "1"]
[SourceVersionDate "2021.10.06"]
[SourceQuality "1"]

1. Nf3 Nf6 2. c4 d6 3. d4 g6 4. Nc3 Bg7 5. g3 Nbd7 6. Bg2 a6 7. Qc2 Rb8 8. a4 b6 9. e4 Bb7 10. b4 O-O 11. O-O c5 12. bxc5 bxc5 13. Be3 Qc7 14. Nd5 Nxd5 15. exd5 Rfc8 16. Rfc1 Qa5 17. Bd2 Qc7 18. Be3 cxd4 19. Nxd4 Ne5 20. Bh3 Rd8 21. Rab1 Nd7 22. Bxd7 Qxd7 0-1

[Event "Scarborough CC Fall Swiss U1700"]
[Site "Toronto CAN"]
[Date "2007.11.15"]
[Round "3"]
[White "Jizan, Masoud"]
[Black "Ben Avraham, Mark"]
[Result "1-0"]
[WhiteElo "1612"]
[BlackElo "1460"]
[PlyCount "48"]
[GameId "2160767910578698"]
[EventDate "2007.11.01"]
[EventType "swiss"]
[EventRounds "8"]
[EventCountry "CAN"]
[SourceTitle "EXT 2022"]
[Source "ChessBase"]
[SourceDate "2021.10.06"]
[SourceVersion "1"]
[SourceVersionDate "2021.10.06"]
[SourceQuality "1"]

1. e4 e5 2. Nf3 Nc6 3. Nc3 Bc5 4. Nxe5 Bxf2+ 5. Kxf2 Nxe5 6. d4 Ng6 7. Bc4 d6 8. Rf1 Nf6 9. Kg1 O-O 10. Bg5 c6 11. h3 Be6 12. Bxf6 gxf6 13. d5 Bd7 14. dxc6 bxc6 15. Qxd6 Ne5 16. Bb3 Kg7 17. Rad1 Rb8 18. Kh1 Re8 19. Na4 Re6 20. Bxe6 fxe6 21. Nc5 Qf8 22. Qxf8+ Rxf8 23. Nxd7 Nxd7 24. Rxd7+ Kg6 1-0

[Event "Scarborough CC Fall Swiss U1700"]
[Site "Toronto CAN"]
[Date "2007.11.15"]
[Round "3"]
[White "Wang, Jerry ZS"]
[Black "Seedhouse, Jeff"]
[Result "1-0"]
[WhiteElo "1733"]
[BlackElo "1519"]
[PlyCount "82"]
[GameId "2160767910578700"]
[EventDate "2007.11.01"]
[EventType "swiss"]
[EventRounds "8"]
[EventCountry "CAN"]
[SourceTitle "EXT 2022"]
[Source "ChessBase"]
[SourceDate "2021.10.06"]
[SourceVersion "1"]
[SourceVersionDate "2021.10.06"]
[SourceQuality "1"]

1. e4 e5 2. Nf3 Nc6 3. Bc4 Bc5 4. d3 d6 5. Ng5 Nh6 6. h3 Qe7 7. Nc3 Bb4 8. a3 Bxc3+ 9. bxc3 Bd7 10. O-O O-O-O 11. Nf3 Be6 12. Bg5 f6 13. Bxe6+ Qxe6 14. Bxh6 gxh6 15. Nh2 Rdf8 16. f4 f5 17. fxe5 fxe4 18. Rxf8+ Rxf8 19. exd6 cxd6 20. Qg4 Qxg4 21. Nxg4 exd3 22. cxd3 Ne5 23. Nxe5 dxe5 24. Re1 Rd8 25. Re3 Kc7 26. Kf2 Rd5 27. a4 Kd6 28. Ke2 a5 29. c4 Rc5 30. Rg3 Rc7 31. Kd2 Kc5 32. Kc3 Rf7 33. Re3 Kd6 34. d4 exd4+ 35. Kxd4 Rf4+ 36. Kc3 b6 37. Rd3+ Kc6 38. Rf3 Re4 39. Rf6+ Kc5 40. Rf5+ Kc6 41. Rh5 Re6 1-0

[Event "Scarborough CC Fall Swiss U1700"]
[Site "Toronto CAN"]
[Date "2007.11.15"]
[Round "3"]
[White "Xiao, Sai"]
[Black "Xia, Linda"]
[Result "0-1"]
[WhiteElo "1114"]
[BlackElo "1329"]
[PlyCount "150"]
[GameId "2160767910578701"]
[EventDate "2007.11.01"]
[EventType "swiss"]
[EventRounds "8"]
[EventCountry "CAN"]
[SourceTitle "EXT 2022"]
[Source "ChessBase"]
[SourceDate "2021.10.06"]
[SourceVersion "1"]
[SourceVersionDate "2021.10.06"]
[SourceQuality "1"]

1. e4 c5 2. d4 cxd4 3. Qxd4 Nc6 4. Qc3 e6 5. Qf3 Nf6 6. Nc3 Be7 7. Nh3 Qa5 8. Ng5 Ne5 9. Qe2 h6 10. Nf3 Ng6 11. h3 d6 12. Bd2 Qb6 13. b3 Nd7 14. Na4 Qc7 15. Qe3 Bf6 16. Rb1 Nc5 17. Bb5+ Bd7 18. Bxd7+ Nxd7 19. O-O O-O 20. Rbc1 b5 21. Nc3 a6 22. Ne2 Qb6 23. Qxb6 Nxb6 24. Be3 Nd7 25. c4 Nde5 26. Nxe5 Nxe5 27. cxb5 axb5 28. Rc2 Nd3 29. Rd2 Nc5 30. Bxc5 dxc5 31. Rc2 Rfc8 32. Rfc1 Be7 33. e5 Rd8 34. f4 g5 35. g3 Rd3 36. Rb1 gxf4 37. gxf4 Rxh3 38. Kg2 Rd3 39. Kf2 Bh4+ 40. Kg2 Rad8 41. Kh2 Rd2 42. Rg1+ Kh7 43. Rxd2 Rxd2 44. Rg2 Rxa2 45. Nc3 Rxg2+ 46. Kxg2 b4 47. Na4 Be7 48. Kf3 Kg6 49. Kg4 h5+ 50. Kg3 Kf5 51. Kf3 f6 52. exf6 Kxf6 53. Kg3 Kf5 54. Kf3 e5 55. fxe5 Kxe5 56. Kg3 Kd4 57. Kf4 h4 58. Kg4 Kd3 59. Nb6 Kc3 60. Nd5+ Kxb3 61. Nxe7 c4 62. Nd5 c3 63. Kxh4 c2 64. Nxb4 Kxb4 65. Kg4 c1=Q 66. Kf5 Qe3 67. Kg4 Qf2 68. Kg5 Qf3 69. Kg6 Kc5 70. Kg7 Kd6 71. Kg6 Ke6 72. Kg7 Qf6+ 73. Kh7 Qg5 74. Kh8 Kf7 75. Kh7 Qg7# 0-1

[Event "Scarborough CC Fall Swiss U1700"]
[Site "Toronto CAN"]
[Date "2007.11.15"]
[Round "3"]
[White "Xie, Peter"]
[Black "Douglas, Steven1"]
[Result "0-1"]
[WhiteElo "1417"]
[BlackElo "1613"]
[PlyCount "88"]
[GameId "2160767910578702"]
[EventDate "2007.11.01"]
[EventType "swiss"]
[EventRounds "8"]
[EventCountry "CAN"]
[SourceTitle "EXT 2022"]
[Source "ChessBase"]
[SourceDate "2021.10.06"]
[SourceVersion "1"]
[SourceVersionDate "2021.10.06"]
[SourceQuality "1"]

1. e4 d6 2. d4 g6 3. Be3 Nf6 4. Nc3 Ng4 5. Be2 Nxe3 6. fxe3 Nd7 7. Nf3 c5 8. Qd2 Bg7 9. O-O-O a6 10. a3 b5 11. Rhf1 b4 12. axb4 cxb4 13. Nd5 a5 14. Ng5 O-O 15. Bc4 e6 16. Nf4 Qxg5 17. Bxe6 Qb5 18. Ba2 Bb7 19. Nd5 Bxd5 20. Bxd5 Rac8 21. Rf2 Nf6 22. Qd3 Qb6 23. Bb3 Qc6 24. Rdf1 a4 25. Ba2 b3 26. Bb1 Qxe4 27. Qxe4 Nxe4 28. Re2 f5 29. c3 Bh6 30. g4 d5 31. Bxe4 fxe4 32. Rfe1 Rf3 33. Kb1 Rcf8 34. Kc1 Rf1 35. Kd1 R8f3 36. h4 Rxe1+ 37. Kxe1 Bxe3 38. g5 Bf4 39. c4 Bg3+ 40. Kd2 Rd3+ 41. Kc1 Bf4+ 42. Rd2 Rxd2 43. cxd5 Rd3+ 44. Kb1 Rd1# 0-1

[Event "Scarborough CC Fall Swiss U1700"]
[Site "Toronto CAN"]
[Date "2007.11.22"]
[Round "4"]
[White "Verde, Pino"]
[Black "Wang, Jerry ZS"]
[Result "0-1"]
[WhiteElo "1677"]
[BlackElo "1733"]
[PlyCount "60"]
[GameId "2160767910578703"]
[EventDate "2007.11.01"]
[EventType "swiss"]
[EventRounds "8"]
[EventCountry "CAN"]
[SourceTitle "EXT 2022"]
[Source "ChessBase"]
[SourceDate "2021.10.06"]
[SourceVersion "1"]
[SourceVersionDate "2021.10.06"]
[SourceQuality "1"]

1. Nf3 Nf6 2. g3 g6 3. Bg2 Bg7 4. d4 O-O 5. Nc3 d5 6. Bf4 c5 7. Qd2 Nc6 8. Bh6 Bxh6 9. Qxh6 cxd4 10. Nb1 Qb6 11. Qc1 Bf5 12. Nbd2 Nb4 13. Nxd4 Bxc2 14. a3 Qxd4 15. axb4 Rfc8 16. O-O Bf5 17. Qd1 Rc2 18. Nb3 Qxd1 19. Rfxd1 Rxb2 20. Nd4 Rxb4 21. Nxf5 gxf5 22. Bxd5 Nxd5 23. Rxd5 b5 24. Rxf5 a5 25. Re5 a4 26. Rxe7 a3 27. Rd7 a2 28. Rdd1 Rb2 29. e3 b4 30. Rac1 b3 0-1

[Event "Scarborough CC Fall Swiss U1700"]
[Site "Toronto CAN"]
[Date "2007.11.29"]
[Round "5"]
[White "Dittani, Dinesh"]
[Black "Verde, Pino"]
[Result "0-1"]
[WhiteElo "1390"]
[BlackElo "1677"]
[PlyCount "60"]
[GameId "2160767910578704"]
[EventDate "2007.11.01"]
[EventType "swiss"]
[EventRounds "8"]
[EventCountry "CAN"]
[SourceTitle "EXT 2022"]
[Source "ChessBase"]
[SourceDate "2021.10.06"]
[SourceVersion "1"]
[SourceVersionDate "2021.10.06"]
[SourceQuality "1"]

1. d4 Nf6 2. c4 e5 3. e3 Bb4+ 4. Bd2 Qe7 5. dxe5 Bxd2+ 6. Nxd2 Qxe5 7. Qc2 d6 8. Ngf3 Qh5 9. Be2 Bf5 10. Qb3 O-O 11. Qxb7 Nbd7 12. Qxc7 Qh6 13. Qxd6 Rfe8 14. Qf4 Qxf4 15. exf4 Bd3 16. Ne5 Nxe5 17. Bxd3 Nxd3+ 18. Kf1 Ng4 19. f3 Ne3+ 20. Kg1 Nxf4 21. b4 Rad8 22. Ne4 Nxc4 23. Kf2 f5 24. Kg3 Ne2+ 25. Kf2 fxe4 26. Kxe2 Rd2+ 27. Kf1 exf3 28. gxf3 Ree2 29. Kg1 Ne3 30. Rc1 Rg2# 0-1

[Event "Scarborough CC Fall Swiss U1700"]
[Site "Toronto CAN"]
[Date "2007.11.29"]
[Round "5"]
[White "Roe, Jim"]
[Black "Xia, Linda"]
[Result "1-0"]
[WhiteElo "1553"]
[BlackElo "1329"]
[PlyCount "63"]
[GameId "2160767910578705"]
[EventDate "2007.11.01"]
[EventType "swiss"]
[EventRounds "8"]
[EventCountry "CAN"]
[SourceTitle "EXT 2022"]
[Source "ChessBase"]
[SourceDate "2021.10.06"]
[SourceVersion "1"]
[SourceVersionDate "2021.10.06"]
[SourceQuality "1"]

1. d4 d5 2. c4 e6 3. Nc3 Nf6 4. e3 c6 5. Nf3 Nbd7 6. Bd3 Be7 7. O-O O-O 8. Qc2 h6 9. a3 b6 10. b4 Bb7 11. c5 Rc8 12. Bb2 Re8 13. Ne2 Bf8 14. Ng3 b5 15. Rfe1 a6 16. Re2 g6 17. Rae1 Bg7 18. e4 Nf8 19. exd5 Nxd5 20. Bc1 Nh7 21. Ne4 Ne7 22. Nd6 Rc7 23. Nxe8 Qxe8 24. Ne5 Qd8 25. Re4 Nf5 26. Bb2 Nf6 27. Nxf7 Rxf7 28. Rxe6 Nxd4 29. Bxd4 Qxd4 30. Re7 Nd5 31. Re8+ Kh7 32. Bxg6# 1-0

[Event "Scarborough CC Fall Swiss U1700"]
[Site "Toronto CAN"]
[Date "2007.11.29"]
[Round "5"]
[White "Seedhouse, Jeff"]
[Black "Wu, Kevin"]
[Result "0-1"]
[WhiteElo "1519"]
[BlackElo "1517"]
[PlyCount "94"]
[GameId "2160767910578706"]
[EventDate "2007.11.01"]
[EventType "swiss"]
[EventRounds "8"]
[EventCountry "CAN"]
[SourceTitle "EXT 2022"]
[Source "ChessBase"]
[SourceDate "2021.10.06"]
[SourceVersion "1"]
[SourceVersionDate "2021.10.06"]
[SourceQuality "1"]

1. e4 c5 2. Nf3 d6 3. d4 cxd4 4. Nxd4 Nf6 5. Nc3 g6 6. Be3 Bg7 7. f3 O-O 8. Qd2 Nc6 9. Bc4 Bd7 10. O-O-O Rc8 11. a3 Nxd4 12. Qxd4 Ng4 13. Bxf7+ Rxf7 14. Qd2 Nxe3 15. Qxe3 Bxc3 16. bxc3 Qa5 17. Kd2 Qc5 18. Rhe1 a6 19. Rb1 Qxe3+ 20. Rxe3 b5 21. Rd3 Be6 22. Rd4 Bc4 23. Re1 Rc5 24. Kc1 Rf8 25. Kb2 Rfc8 26. Red1 Bf7 27. R1d3 Bc4 28. Rd2 a5 29. f4 Rb8 30. Kc1 Rbc8 31. Rf2 Bf7 32. e5 d5 33. g4 Rxc3 34. f5 R3c4 35. Rd3 g5 36. e6 Be8 37. Rxd5 Bc6 38. Rdd2 Rf8 39. h3 Rc5 40. f6 Rxf6 41. Rd8+ Kg7 42. Rxf6 Kxf6 43. Rh8 Be4 44. Rxh7 Bxh7 45. Kd2 Rxc2+ 46. Kd1 Kxe6 47. a4 bxa4 0-1

[Event "Scarborough CC Fall Swiss U1700"]
[Site "Toronto CAN"]
[Date "2007.11.29"]
[Round "5"]
[White "Smith, Maurice"]
[Black "Graham, John"]
[Result "1/2-1/2"]
[WhiteElo "1539"]
[BlackElo "1534"]
[PlyCount "59"]
[GameId "2160767910578707"]
[EventDate "2007.11.01"]
[EventType "swiss"]
[EventRounds "8"]
[EventCountry "CAN"]
[SourceTitle "EXT 2022"]
[Source "ChessBase"]
[SourceDate "2021.10.06"]
[SourceVersion "1"]
[SourceVersionDate "2021.10.06"]
[SourceQuality "1"]

1. e4 e5 2. Nf3 Nc6 3. Bb5 d6 4. O-O Bd7 5. c3 Nf6 6. Re1 g6 7. d4 Ne7 8. Bxd7+ Nxd7 9. Bg5 Bg7 10. Nbd2 O-O 11. Nc4 f6 12. Bh4 g5 13. Bg3 Ng6 14. Qb3 Kh8 15. Qxb7 Nf4 16. Rad1 h5 17. h4 g4 18. Nh2 Ng6 19. Nf1 f5 20. exf5 Rxf5 21. Nfe3 Rf7 22. dxe5 Ndxe5 23. Nxe5 Bxe5 24. Qd5 Qf8 25. Rf1 Re8 26. Bxe5+ Rxe5 27. Qd4 Kh7 28. Qd3 Kh6 29. Qd2 Kh7 30. Qd3 1/2-1/2